Normal view MARC view
  • ISLANDIA -

Entry Nombre Geográfico

Number of records used in: 1

001 - NÚMERO DE CONTROL

  • campo de control: 11746

003 - IDENTIFICADOR DE NUMERO DE CONTROL

  • campo de control: UPN

005 - FECHA Y HORA DE LA ÜLTIMA TRANSACCIÓN

  • campo de control: 20210219193758.0

008 - DATOS DE LONGITUD FIJA

  • campo de control de longitud fija: nabaccnnaabn|||||||||| b |nc|||||d

035 ## - NÚMERO DE CONTROL

  • Número de control: UPN10000011753

040 ## - FUENTE DE CATALOGACIÓN

  • Lenguaje de catalogación: SPA
  • Agencia de transcripción: UPN

151 ## - ENCABEZAMIENTO - NOMBRE GEOGRÁFICO

  • Nombre geográfico: ISLANDIA -
  • Subdivisión general : VIDA SOCIAL Y COSTUMBRES -
  • Subdivisión de forma: LITERATURA JUVENIL

670 ## - FUENTE EN LA QUE SE LOCALIZARON DATOS

  • Cita de la fuente: LC
  • Información localizada: Iceland--Social life and customs--Juvenile literature

902 ## - CATALOGADOR

  • Catalogador: MEEG/250209